000 00468nam a22001817a 4500
003 CEME
005 20210628203053.0
008 210120b xxu||||| |||| 00| 0 eng d
020 _a969-35-1548-X
040 _c.
082 _a910.4 TAR
100 _aMustansar Hussain Tarar
_99703
245 _aBarfeeli bulandiyan
260 _aLAHORE
_bSANG-E-MEEL PUB
_c2005
300 _a440P
650 _aURDU ADAB- SAFAR NAMA-BARFEELI BULANDIYAN
_928271
942 _cBK
_2ddc
999 _c572068
_d572068